| 000 | 00428 a2200181 4500 | ||
|---|---|---|---|
| 001 | 066064 | ||
| 003 | OSt | ||
| 005 | 20210909105044.0 | ||
| 008 | |||
| 082 |
_a700.4112 _bC43M |
||
| 100 | 1 | _aChilds, Peter | |
| 245 | 1 |
_aModernism _cby Peter Childs |
|
| 250 | _a2nd ed. | ||
| 260 |
_aLondon _bRoutledge _c2009 |
||
| 300 | _a236p. | ||
| 690 | _aArts, Modern; Modernism (Art) | ||
| 942 |
_2ddc _cBK |
||
| 999 |
_c256 _d256 |
||